Loading...
| Science - Other | 0 | 4 | 1 | 1 | 35 | 95 | 109.75 | 0 | 0 | 4.15 | 11.96 |
| Science - Physics | 0 | 4 | 2 | 1 | 30 | 102 | 121.00 | 0 | 1 | 1.22 | 8.80 |
| Science - Chemistry | 0 | 2 | 0 | 1 | 20 | 123 | 128.50 | 0 | 0 | -0.10 | 2.45 |
| Social Science | 0 | 2 | 0 | 0 | 20 | 88 | 94.00 | 0 | 0 | 2.97 | 8.23 |
| Other Academic | 0 | 1 | 0 | 0 | 10 | 108 | 108.00 | 0 | 0 | 2.22 | 6.94 |
| Current Events | 0 | 1 | 0 | 0 | 10 | 105 | 105.00 | 0 | 0 | 2.00 | 4.35 |
| Religion | 0 | 1 | 0 | 0 | 10 | 67 | 67.00 | 0 | 1 | 3.16 | 5.65 |
| Philosophy | 0 | 1 | 0 | 0 | 10 | 103 | 103.00 | 0 | 0 | 1.33 | 4.66 |
| Fine Arts - Painting & Sculpture | 0 | 1 | 0 | 0 | 10 | 99 | 99.00 | 0 | 0 | 1.33 | 4.41 |
| Geography | 0 | 1 | 0 | 1 | 10 | 136 | 136.00 | 0 | 0 | 0.09 | 0.52 |
| History - World | 0 | 1 | 0 | 0 | 10 | 139 | 139.00 | 0 | 0 | 0.00 | 2.94 |